Social Computing and Social Media. Applications and Analytics 9th International Conference, SCSM 2017, Held as Part of HCI International 2017, Vancouver, BC, Canada, July 9-14, 2017, Proceedings, Part II /

This book constitutes the proceedings of the 9th International Conference on Social Computing and Social Media, SCSM 2017, held as part of the 19th International Conference on Human-Computer Interaction, HCII 2017, held in Vancouver, Canada, in July 2017. HCII 2017 received a total of 4340 submissio...

Πλήρης περιγραφή

Λεπτομέρειες βιβλιογραφικής εγγραφής
Συγγραφή απο Οργανισμό/Αρχή: SpringerLink (Online service)
Άλλοι συγγραφείς: Meiselwitz, Gabriele (Επιμελητής έκδοσης)
Μορφή: Ηλεκτρονική πηγή Ηλ. βιβλίο
Γλώσσα:English
Έκδοση: Cham : Springer International Publishing : Imprint: Springer, 2017.
Σειρά:Lecture Notes in Computer Science, 10283
Θέματα:
Διαθέσιμο Online:Full Text via HEAL-Link
LEADER 02938nam a22005175i 4500
001 978-3-319-58562-8
003 DE-He213
005 20170512170112.0
007 cr nn 008mamaa
008 170512s2017 gw | s |||| 0|eng d
020 |a 9783319585628  |9 978-3-319-58562-8 
024 7 |a 10.1007/978-3-319-58562-8  |2 doi 
040 |d GrThAP 
050 4 |a QA76.9.U83 
050 4 |a QA76.9.H85 
072 7 |a UYZG  |2 bicssc 
072 7 |a COM070000  |2 bisacsh 
082 0 4 |a 005.437  |2 23 
082 0 4 |a 4.019  |2 23 
245 1 0 |a Social Computing and Social Media. Applications and Analytics  |h [electronic resource] :  |b 9th International Conference, SCSM 2017, Held as Part of HCI International 2017, Vancouver, BC, Canada, July 9-14, 2017, Proceedings, Part II /  |c edited by Gabriele Meiselwitz. 
264 1 |a Cham :  |b Springer International Publishing :  |b Imprint: Springer,  |c 2017. 
300 |a XXI, 469 p. 163 illus.  |b online resource. 
336 |a text  |b txt  |2 rdacontent 
337 |a computer  |b c  |2 rdamedia 
338 |a online resource  |b cr  |2 rdacarrier 
347 |a text file  |b PDF  |2 rda 
490 1 |a Lecture Notes in Computer Science,  |x 0302-9743 ;  |v 10283 
520 |a This book constitutes the proceedings of the 9th International Conference on Social Computing and Social Media, SCSM 2017, held as part of the 19th International Conference on Human-Computer Interaction, HCII 2017, held in Vancouver, Canada, in July 2017. HCII 2017 received a total of 4340 submissions, of which 1228 papers were accepted for publication after a careful reviewing process. The papers thoroughly cover the entire field of Human-Computer Interaction, addressing major advances in knowledge and effective use of computers in a variety of application areas. The two volumes set of SCSM 2017 presents 67 papers which are organized in the following topical sections: user experience and behavior in social media, costumer behavior and social media, social issues in social media, social media for communication, learning and aging, opinion mining and sentiment analysis, social data and analytics. 
650 0 |a Computer science. 
650 0 |a Computer communication systems. 
650 0 |a Information storage and retrieval. 
650 0 |a User interfaces (Computer systems). 
650 1 4 |a Computer Science. 
650 2 4 |a User Interfaces and Human Computer Interaction. 
650 2 4 |a Information Storage and Retrieval. 
650 2 4 |a Information Systems Applications (incl. Internet). 
650 2 4 |a Computer Communication Networks. 
700 1 |a Meiselwitz, Gabriele.  |e editor. 
710 2 |a SpringerLink (Online service) 
773 0 |t Springer eBooks 
776 0 8 |i Printed edition:  |z 9783319585611 
830 0 |a Lecture Notes in Computer Science,  |x 0302-9743 ;  |v 10283 
856 4 0 |u http://dx.doi.org/10.1007/978-3-319-58562-8  |z Full Text via HEAL-Link 
912 |a ZDB-2-SCS 
912 |a ZDB-2-LNC 
950 |a Computer Science (Springer-11645)